Vnútorná spotreba cestovného ruchu v Slovenskej republike

Kvantifikácia spotreby vo vnútornom cestovnom ruchu v rámci Slovenskej republiky a rozbor jej trendov.

Salvato in:
Dettagli Bibliografici
Autore principale: Zabudská, Eva
Altri autori: Pompurová, Kristína
Natura: Capitolo di libro
Lingua:slovacco
Soggetti:
Tags: Aggiungi Tag
Nessun Tag, puoi essere il primo ad aggiungerne!!

MARC

LEADER 00000naa a2200000 4500
001 0298608
005 20240417075259.9
041 0 |a slo 
044 |a SK 
245 1 0 |a Vnútorná spotreba cestovného ruchu v Slovenskej republike  |c Eva Zabudská, Kristína Pompurová 
520 |a Kvantifikácia spotreby vo vnútornom cestovnom ruchu v rámci Slovenskej republiky a rozbor jej trendov. 
610 2 0 |a ruch cestovný 
610 2 0 |a ruch cestovný domáci 
610 2 0 |a spotreba 
610 2 0 |a Slovensko 
100 1 |a Zabudská, Eva 
700 1 |a Pompurová, Kristína